Manual de Lingüística descriptiva para introducción a la lingüística
Gorde:
| Egile nagusia: | |
|---|---|
| Formatua: | Liburua |
| Hizkuntza: | Undetermined |
| Argitaratua: |
San José, Costa Rica
Sección de Lingüística, Universidad de Costa Rica
1976
|
| Gaiak: | |
| Etiketak: |
Etiketa erantsi
Etiketarik gabe, Izan zaitez lehena erregistro honi etiketa jartzen!
|
MARC
| LEADER | 00000nam a2200000Ia 4500 | ||
|---|---|---|---|
| 008 | 170316s9999 xx 000 0 und d | ||
| 090 | |a 410 U-2m | ||
| 100 | |a Universidad de Costa Rica | ||
| 245 | |a Manual de Lingüística descriptiva para introducción a la lingüística | ||
| 260 | |a San José, Costa Rica | ||
| 260 | |b Sección de Lingüística, Universidad de Costa Rica | ||
| 260 | |c 1976 | ||
| 300 | |a 58 páginas | ||
| 650 | |a LINGÜÍSTICA | ||
| 999 | |c 18780 |d 18780 | ||
| 040 | |a cru BVZT | ||
| 942 | |c 15 D |h 410 U-2m |2 z | ||
